000 00628cam a22002053a 4500
001 40536
003 PGUSA
005 20140828083915.0
008 120819s2012||||xxu|||||s|||||000 | eng d
040 _aPGUSA
_beng
042 _adc
100 1 _aWhittaker and Co.
245 1 0 _aWhittaker and Co.'s List of Classical, Educational and Technical Works :
_bJuly 1889
_h[electronic resource] /
_cWhittaker and Co.
260 _bProject Gutenberg,
_c2012
506 _aPublic domain in the USA.
516 _aElectronic text
830 0 _aProject Gutenberg
_v40536
856 4 0 _uhttp://www.gutenberg.org/ebooks/40536
942 _cEB
999 _c269789
_d269789